000 01542nam a22002537a 4500
003 Uzh_bibl
008 260408b |||||||| |||| 00| 0 ukr d
020 _c1.50
040 _aукр.
041 _2ukr
_aukr
080 _a821(477)
090 _a821(477)
_bП 37
100 _aПлачинда, Сергій
245 _aКиївські фрески
_hТекст
260 _aКиїв
_bМолодь
_c1982
300 _a312 с.
_bіл.
_fВ опр.
520 _aВ історичних сюжетах автор, не претендуючи на наукове до слідження, белетристично відтворює ті давні часи, коли творилася колиска слав'янських народів - Київська Русь. Зі сторінок творів постають мужні образи Кия, Щека, Хорива, хоробрих воїнів-русичів, чарівної Либеді.
521 _aДля широкого кола читачів
546 _aукр.
650 _aЛітературно-художнє видання
_yОхоплюють різні історичні епохи — від часів Київської Русі до ХХ століття
_zПодії розгортаються в Києві
653 _aКиїв
_aІсторія
_aКультура
_aДуховність
_aПам’ять
655 _aІсторичні повісті, оповідання
_vПовісті, оповідання
942 _2udc
_cBK
999 _c17285
_d17285